Imaging handbook for physical therapists / (رقم التسجيلة. 79441)

تفاصيل مارك
000 -الفاتح
حقل البيانات ثابتة الطول 01977cam a22004818i 4500
001 - رقم الضبط
رقم الضبط 855332920
003 - محدد رقم الضبط
رقم الضبط OCoLC
005 - وقت وتاريخ اخر تعامل مع التسجيلة
رقم الضبط 20210305175940.0
008 - عناصر البيانات ثابتة الطول - معلومات عامة
حقل البيانات ثابتة الطول 130807t20152015paua b 001 0 eng
010 ## - رقم ضبط مكتبة الكونجرس
رقم ضبط مكتبة الكونجرس 2013032075
020 ## - الرقم الدولى المعيارى للكتب
الرقم الدولى المعيارى للكتاب 9781451130317
020 ## - الرقم الدولى المعيارى للكتب
الرقم الدولى المعيارى للكتاب 1451130317
040 ## - مصدر الفهرسة
وكالة الفهرسة الأصلية DNLM/DLC
لغة الفهرسة eng
قواعد الوصف rda
وكالة النسخ DLC
وكالة التعديل BTCTA
-- NLM
-- OCLCO
-- YDXCP
-- NEH
-- OCLCF
-- OCLCO
-- KSU
-- UtOrBLW
042 ## - رمز التحقق
رمز التحقق pcc
050 00 - رقم طلب مكتبة الكونجرس
رقم التصنيف RC925.7
050 04 - رقم طلب مكتبة الكونجرس
رقم التصنيف RC925.7
رقم المادة C67 2015
060 00 - رقم الطلب بالمكتبة الطبية الوطنية
رقم التصنيف 2014 D-571
060 10 - رقم الطلب بالمكتبة الطبية الوطنية
رقم التصنيف WE 141
082 00 - رقم تصنيف ديوى العشرى
رقم التصنيف 616.707572
رقم الطبعة 23
رقم المادة CMI
100 1# - المدخل الرئيسى - إسم شخصى
الإسم الشخصى Cornwall, Mark W.
الشكل الأكمل للاسم (Mark Westover),
التواريخ المصاحبة للاسم 1952-
الدور author
9 (RLIN) 88451
245 10 - بيان العنوان
العنوان Imaging handbook for physical therapists /
بيان المسئوليه,etc Mark W. Cornwall, Jr., Elle Nyre, John H. Harris
250 ## - بيان الطبعة
بيان الطبعة First edition
264 #1 - النشر, التوزيع, ETC. (IMPRINT)
مكان الناشر او الموزع Philadelphia :
اسم الناشر او الموزع Wolters Kluwer Health/Lippincott Williams & Wilkins,
تاريخ النشر أو التوزيع [2015]
264 #4 - النشر, التوزيع, ETC. (IMPRINT)
تاريخ النشر أو التوزيع ℗♭2015
300 ## - الوصف المادى
التعداد xiii, 110 pages :
تفاصيل ماديه اخرى للوعاء illustrations ;
أبعاد الوعاء 26 cm
504 ## - تبصرة ببليوجرافية
تبصرة ببليوجرافية,الخ Includes bibliographical references and index
505 0# - تبصرة محتويات-الفهرس
تبصرة المحتويات المصاغة Introduction to imaging -- The cervical spine -- Shoulder -- Elbow, wrist, and hand -- Thoraco-lumbar spine -- Hips -- Knee -- Ankle
650 #0 - المدخل الاضافى بالموضوع-مصطلح موضوعى
مصطلح موضوعي أو اسم جغرافي كعنصر مدخل Musculoskeletal system
التقسيم الفرعي العام Imaging
التقسيم الفرعي الشكلي Handbooks, manuals, etc
9 (RLIN) 11330
650 #0 - المدخل الاضافى بالموضوع-مصطلح موضوعى
مصطلح موضوعي أو اسم جغرافي كعنصر مدخل Musculoskeletal system
التقسيم الفرعي العام Radiography
9 (RLIN) 88452
650 #0 - المدخل الاضافى بالموضوع-مصطلح موضوعى
مصطلح موضوعي أو اسم جغرافي كعنصر مدخل Musculoskeletal system
التقسيم الفرعي العام Diseases
-- Imaging
9 (RLIN) 16251
650 #0 - المدخل الاضافى بالموضوع-مصطلح موضوعى
مصطلح موضوعي أو اسم جغرافي كعنصر مدخل Musculoskeletal system
التقسيم الفرعي العام Diseases
-- Diagnosis
9 (RLIN) 88453
650 12 - المدخل الاضافى بالموضوع-مصطلح موضوعى
مصطلح موضوعي أو اسم جغرافي كعنصر مدخل Musculoskeletal Diseases
التقسيم الفرعي العام radiography
9 (RLIN) 16252
650 22 - المدخل الاضافى بالموضوع-مصطلح موضوعى
مصطلح موضوعي أو اسم جغرافي كعنصر مدخل Diagnostic Imaging
9 (RLIN) 88454
650 22 - المدخل الاضافى بالموضوع-مصطلح موضوعى
مصطلح موضوعي أو اسم جغرافي كعنصر مدخل Musculoskeletal Diseases
التقسيم الفرعي العام diagnosis
9 (RLIN) 47945
650 22 - المدخل الاضافى بالموضوع-مصطلح موضوعى
مصطلح موضوعي أو اسم جغرافي كعنصر مدخل Musculoskeletal System
التقسيم الفرعي العام anatomy & histology
9 (RLIN) 88455
650 22 - المدخل الاضافى بالموضوع-مصطلح موضوعى
مصطلح موضوعي أو اسم جغرافي كعنصر مدخل Musculoskeletal System
التقسيم الفرعي العام pathology
9 (RLIN) 64812
650 22 - المدخل الاضافى بالموضوع-مصطلح موضوعى
مصطلح موضوعي أو اسم جغرافي كعنصر مدخل Musculoskeletal System
التقسيم الفرعي العام radiography
9 (RLIN) 88456
650 22 - المدخل الاضافى بالموضوع-مصطلح موضوعى
مصطلح موضوعي أو اسم جغرافي كعنصر مدخل Physical Therapy Specialty
9 (RLIN) 88457
655 #7 - مصطلح تكشيفى-نوع/شكل
بيانات النوع/ الشكل أو المصطلح الأساسي Handbooks, manuals, etc.
مصدر المصطلح fast
9 (RLIN) 64816
700 1# - المدخل الاضافى - اسم شخصى
الإسم الشخصى Harris, John H.,
العنوان والكلمات الأخرى المصاحبة للاسم Jr.,
التواريخ المصاحبة للاسم 1925-
الدور author
9 (RLIN) 88458
700 1# - المدخل الاضافى - اسم شخصى
الإسم الشخصى Nyre, Elle,
الدور author
9 (RLIN) 88459
942 ## - عناصر المدخل الإضافي( كوها)
مصدر التصنيف او مخطط الترفيف Dewey Decimal Classification
Koha [default] item type كتاب
المقتنيات
حالة الفقد نموذج السعر الفعال حالة تلف ليس للاعارة رقم الطلب تاريخ الاكتساب الموقع الحالي الباركود الفرع الرئيسي Date last seen نوع المادة فى نظام كوها مصدر التصنيف او خطة الترفيف Total Checkouts
  2021-03-05     616.707572 CMI 2021-03-05 المكتبة المركزية بالمجمعة (CL) 00167429 المكتبة المركزية بالمجمعة (CL) 2021-03-05 كتاب Dewey Decimal Classification  
  2021-03-05     616.707572 CMI 2021-03-05 المكتبة المركزية بالمجمعة (CL) 00167430 المكتبة المركزية بالمجمعة (CL) 2021-03-05 كتاب Dewey Decimal Classification  
  2021-03-05     616.707572 CMI 2021-03-05 المكتبة المركزية بالمجمعة (CL) 00167431 المكتبة المركزية بالمجمعة (CL) 2021-03-05 كتاب Dewey Decimal Classification  
  2021-03-05     616.707572 CMI 2021-03-05 مكتبة كلية العلوم الطبية التطبيقية بالمجمعة - طالبات (AMF) 00167525 مكتبة كلية العلوم الطبية التطبيقية بالمجمعة - طالبات (AMF) 2021-03-05 كتاب Dewey Decimal Classification  
  2021-03-05     616.707572 CMI 2021-03-05 مكتبة كلية العلوم الطبية التطبيقية بالمجمعة - طالبات (AMF) 00167526 مكتبة كلية العلوم الطبية التطبيقية بالمجمعة - طالبات (AMF) 2021-03-05 كتاب Dewey Decimal Classification  
  2021-03-05     616.707572 CMI 2021-03-05 مكتبة مجمع الكليات بالزلفى - طلاب (SZM) 00167527 مكتبة مجمع الكليات بالزلفى - طلاب (SZM) 2021-03-05 كتاب Dewey Decimal Classification  
  2021-03-05     616.707572 CMI 2021-03-05 مكتبة مجمع الكليات بالزلفى - طلاب (SZM) 00167528 مكتبة مجمع الكليات بالزلفى - طلاب (SZM) 2021-03-05 كتاب Dewey Decimal Classification